Highest Grossing Pixar Films - Statistics

General Stats
  • This quiz has been taken 43 times
  • The average score is 13 of 18
Answer Stats
Earnings ($) Movie % Correct
0.805 Billion Toy Story
95%
1.534 Billion Toy Story 3
92%
1.313 Billion Toy Story 4
92%
0.952 Billion Toy Story 2
89%
0.713 Billion Cars
81%
0.777 Billion Cars 2
81%
1.024 Billion Monsters Inc.
78%
0.491 Billion Cars 3
76%
0.998 Billion Monsters University
76%
0.938 Billion Ratatouille
73%
1.606 Billion Finding Nemo
70%
1.128 Billion Inside Out
68%
1.037 Billion The Incredibles
68%
1.338 Billion Finding Dory
62%
1.035 Billion Coco
59%
1.546 Billion Incredibles 2
59%
1.077 Billion Up
59%
0.736 Billion Brave
49%
No matching quizzes found
Score Distribution
Percent of People with Each Score
Percentile by Number Answered
Your Score History
You have not taken this quiz